000 00551nam a2200217Ia 4500
003 OSt
005 20250711112559.0
008 210210b1981 xxu||||| |||| 00| 0 eng d
020 _a0571116299
040 _cAL
041 _aeng
082 _a617.1027 REIS
100 _aThomas Reilly Ed
_9218225
245 _aSports fitness and sports injuries
260 _aLondon
_bFaber & Faber
_c1981
300 _a293p
650 _aSports Fitness, Injuries
_9218226
690 _aAthletic & Outdoor Sports
_9218227
906 _a039127
942 _2ddc
_cBK
999 _c89342
_d89342